| 000 | 00776nam a22002537a 4500 | ||
|---|---|---|---|
| 003 | DO-SdBNP | ||
| 005 | 20220713135336.0 | ||
| 007 | ta | ||
| 008 | 220613b2021 dr a|||| |||| 00| 0 spa d | ||
| 020 | _a9789945221565 | ||
| 040 |
_aDO-SdBNP _bspa _cBNPHU |
||
| 082 | 4 |
_a158.1 _bG318v _222 |
|
| 100 |
_975212 _aGell, Riqui |
||
| 245 | 1 | 0 |
_aViaja ligero / _cRiqui Gell |
| 260 |
_aSanto Domingo : _bBúho, _c2021. |
||
| 300 |
_a225 p. : _bil., _c21 cm. |
||
| 500 | _aIncluye datos biográficos del autor en la contracubierta | ||
| 500 | _aIncluye notas al pie de las páginas | ||
| 590 | _aInventariado, 2022/BT | ||
| 650 | 4 |
_aSuperación personal _910825 |
|
| 650 | 4 |
_aTécnicas de autoayuda _9387 |
|
| 910 | _aBtavárez/Validado. Control de calidad MFF | ||
| 942 |
_2ddc _cLBS1 |
||
| 999 |
_c52020 _d52020 |
||